000 00266nam a2200109Ia 4500
008 190907s9999||||xx |||||||||||||| ||und||
100 _aBenito Musoleni
245 0 _aDastan-e-Musoleni : Aap Beti
260 _aLahore
_bFiction House
_c1994
300 _a252
942 _cBK
999 _c6313
_d6313